Central Library OPAC University of Rajshahi

Scientists' approaches to information / (Record no. 9387)

MARC details
000 -LEADER
fixed length control field 00776cam a22002531 4500
001 - CONTROL NUMBER
control field 9387
003 - CONTROL NUMBER IDENTIFIER
rucl marc code BD-RjUL
005 - DATE AND TIME OF LATEST TRANSACTION
control field 20211208234753.0
008 - FIXED-LENGTH DATA ELEMENTS--GENERAL INFORMATION
fixed length control field 140120s1961 ilu 000 0 eng
035 ## - SYSTEM CONTROL NUMBER
System control number (BD-RjUL)9432
System control number (OCoLC)575948
040 ## - CATALOGING SOURCE
Original cataloging agency DLC
Transcribing agency ODaWU
Modifying agency BD-RjUL
Language of cataloging eng
041 ## - LANGUAGE CODE
Language code of text/sound track or separate title eng
082 00 - DEWEY DECIMAL CLASSIFICATION NUMBER
Classification number 029.95
Author mark and year VOS 1961
100 1# - MAIN ENTRY--PERSONAL NAME
Personal name Voigt, Melvin John,
Dates associated with a name 1911-
9 (RLIN) 29082
245 10 - TITLE STATEMENT
Title Scientists' approaches to information /
Statement of responsibility, etc. Melvin John Voigt.
260 ## - PUBLICATION, DISTRIBUTION, ETC. (IMPRINT)
Place of publication, distribution, etc. Chicago :
Name of publisher, distributor, etc. American Library Association,
Date of publication, distribution, etc. 1961.
300 ## - PHYSICAL DESCRIPTION
Pagination 81 p. ;
Size 23 cm.
410 20 - SERIES STATEMENT/ADDED ENTRY--CORPORATE NAME [OBSOLETE, CAN/MARC], [LOCAL, USA]
Corporate name or jurisdiction name as entry element Association of College and Research Libraries.
Title of a work ACRL monographs,
Volume number/sequential designation no. 24
650 #0 - SUBJECT ADDED ENTRY--TOPICAL TERM
Topical term or geographic name as entry element Science
General subdivision Information services.
9 (RLIN) 29083
942 ## - ADDED ENTRY ELEMENTS (KOHA)
Source of classification or shelving scheme Dewey Decimal Classification
Koha item type Books
Holdings
Lost status Source of classification or shelving scheme Damaged status Not for loan Collection code Permanent Location Current Location Shelving location Date acquired Source of acquisition Total Checkouts Full call number Date last seen Copy number Koha item type
  Dewey Decimal Classification   Not For Loan Non-fiction Central Library, University of Rajshahi Central Library, University of Rajshahi Reading Room 09/07/1966 Asia Foundation   029.95 VOS 1961 20/01/2014 C-1 Books